| 000 | 00519cam a2200205ua 4500 | ||
|---|---|---|---|
| 020 | _cRs 16.50 | ||
| 041 |
_aeng _h |
||
| 082 |
_a126 _bRAD/PH |
||
| 100 | _aRadhakamal, Mukherjee . | ||
| 245 |
_aPhilosophy of pesonality / _cRadhakamal Mukherjee. _hTextual Documents |
||
| 250 |
_a1 / _b. |
||
| 260 |
_aMumbai : _bAllied Publishers Pvt Ltd , _c1963. |
||
| 300 | _a237 ; . | ||
| 365 | _aRs 16.50 | ||
| 500 | _a**Reference | ||
| 504 | _a | ||
| 942 | _cBK | ||
| 999 |
_c1442 _d1442 |
||